procurement Principles and Management (Record no. 9607)
[ view plain ]
| 000 -LEADER | |
|---|---|
| fixed length control field | 00370nam a2200133Ia 4500 |
| 008 - FIXED-LENGTH DATA ELEMENTS--GENERAL INFORMATION | |
| fixed length control field | 230222s9999||||xx |||||||||||||| ||und|| |
| 020 ## - INTERNATIONAL STANDARD BOOK NUMBER | |
| International Standard Book Number | 978-027371379-1 |
| 040 ## - CATALOGING SOURCE | |
| Transcribing agency | Chuka University Library |
| 050 ## - LIBRARY OF CONGRESS CALL NUMBER | |
| Classification number | HF 5437 |
| Item number | P7995 2008 |
| 100 ## - MAIN ENTRY--PERSONAL NAME | |
| Personal name | Peter Bailey |
| 245 #0 - TITLE STATEMENT | |
| Title | procurement Principles and Management |
| 260 ## - PUBLICATION, DISTRIBUTION, ETC. | |
| Place of publication, distribution, etc. | Dorling Kindersley |
| Name of publisher, distributor, etc. | New Delhi |
| Date of publication, distribution, etc. | 2008 |
| 942 ## - ADDED ENTRY ELEMENTS (KOHA) | |
| Koha item type | Long Loan Books |
No items available.
